000
00363nam a22001217a 4500
008
150521b xxu||||| |||| 00| 0 eng d
020
_a
9780323028394
041
0
_a
eng
080
_a
618.2
245
1
0
_a
Clinical nursing skills & techniques /
246
3
_a
Clinical nursing skills and techniques
942
_2
udc
_c
BK
999
_c
888
_d
888